00678nam a2200217Ia 4500003000900000008004100009020002200050040001600072080001500088100001600103245004400119260003300163300001000196650002200206650001700228650001400245700002900259942000700288999001700295952014800312IN-BaIIA211028s9999 xx 000 0 eng d a978-1-78023-757-2 cIIA Library a523.9bGOL aGolub, Leon 4aThe suncLeon Golub and Jay M Pasachoff aLondonbReaktion Booksc2017 a222p. aAstrophysics9794 aSolar system aSun91200 aPasachoff, Jay M.910920 cBK c19367d19367 00104070aBANbBANcGENd2018-10-31eANJ g1686.00l3m1o523.9/ GOLp20289r2023-11-03s2023-09-04v1686.00w2018-10-31yBKGRs. 1686.00